Państwa które nie występowały na Eurowizji Junior - Statystyki

Ogólne statystyki
  • Ten quiz został rozwiązany 171 razy
    76 od ostatniego zresetowania
  • Średni wynik to 11 z 20
Statystyki odpowiedzi
Państwo % Poprawnych
Czechy
84%
Słowacja
77%
Islandia
75%
Luksemburg
70%
Austria
69%
Finlandia
69%
Turcja
69%
Monako
66%
Andora
62%
Watykan
59%
Maroko
56%
Węgry
52%
Bośnia i Hercegowina
51%
Egipt
38%
Algieria
36%
Tunezja
36%
Libia
33%
Liban
30%
Szkocja
30%
Jordania
18%
Nie znaleziono quizów pasujących do podanych kryteriów
Rozkład punktacji
Procent ludzi z każdym wynikiem
Percentyl według liczby udzielonych odpowiedzi
Twoja historia wyników
Nie rozwiązałeś tego quizu od ostatniego zresetowania